[Event "Copenhagen Ch"]
[Site "Copenhagen"]
[Date "2002.10.18"]
[Round "7"]
[White "Hansen, Lars Henrik Bech"]
[Black "Bonnez, Finn"]
[Result "0-1"]
[WhiteElo "2131"]
[BlackElo "2041"]
[PlyCount "124"]
[EventDate "2002.??.??"]
[EventType "swiss"]
[EventRounds "9"]
[EventCountry "DEN"]

1. e4 e5 2. Nf3 d6 3. d4 exd4 4. Nxd4 Nc6 5. Bc4 Nf6 6. Nc3 Be7 7. O-O O-O 8.
Kh1 Ne5 9. Be2 c5 10. Nf3 Nxf3 11. Bxf3 Be6 12. Bf4 Qb6 13. Qe2 Rfe8 14. Rfd1
Rad8 15. Qb5 Qc7 16. Qe2 Qb6 17. Nb5 a6 18. Nxd6 Bxd6 19. Bxd6 Rxd6 20. Rxd6
Qxd6 21. e5 Qb6 22. exf6 Qxb2 23. Rd1 gxf6 24. h3 b5 25. a4 c4 26. axb5 axb5
27. Bc6 Bd7 28. Qf3 Bxc6 29. Qxc6 Re6 30. Qc5 Kg7 31. Rd4 h5 32. Rd5 Re5 33. g3
Rxd5 34. Qxd5 Qe5 35. Qd1 Kg6 36. f4 Qe4+ 37. Kg1 Qe3+ 38. Kg2 c3 39. Qb1 Qe2+
40. Kg1 Qe3+ 41. Kg2 Qe4+ 42. Kg1 Qd4+ 43. Kg2 b4 44. Qb3 h4 45. f5+ Kxf5 46.
Qxf7 Qd2+ 47. Kf3 Qd1+ 48. Ke3 Qe1+ 49. Kf3 Qxg3+ 50. Ke2 Qg2+ 51. Ke1 Qd2+ 52.
Kf1 Qd1+ 53. Kf2 Qxc2+ 54. Kf1 Qd1+ 55. Kf2 Qd4+ 56. Kf1 Kf4 57. Qf8 Kf3 58.
Qa8+ Qe4 59. Qa2 Qd3+ 60. Ke1 Qe3+ 61. Kd1 Qg1+ 62. Kc2 Qf2+ 0-1

[Event "Copenhagen Ch"]
[Site "Copenhagen"]
[Date "2002.10.17"]
[Round "5"]
[White "Hansen, Lars Henrik Bech"]
[Black "Nilsson, Nils Specht"]
[Result "0-1"]
[WhiteElo "2131"]
[BlackElo "2182"]
[PlyCount "56"]
[EventDate "2002.??.??"]
[EventType "swiss"]
[EventRounds "9"]
[EventCountry "DEN"]

1. e4 e6 2. d4 d5 3. Nc3 Bb4 4. Bd2 Nf6 5. e5 Bxc3 6. bxc3 Ne4 7. Qg4 g6 8. Bh6
c5 9. Bb5+ Bd7 10. Bxd7+ Nxd7 11. Ne2 cxd4 12. cxd4 Rc8 13. f3 Nc3 14. Nf4 Qb6
15. O-O Rc6 16. Kh1 Qxd4 17. Rfe1 Rg8 18. Qg5 Qd2 19. Qh4 Qxc2 20. Bg5 h5 21.
Bd8 g5 22. Bxg5 Rc8 23. Rac1 Qf5 24. Be7 d4 25. Nxh5 Rc6 26. Bd8 Nd5 27. Ba5
Qg5 28. Qg3 Rxc1 0-1

[Event "Copenhagen Ch"]
[Site "Copenhagen"]
[Date "2002.10.11"]
[Round "1"]
[White "Hansen, Lars Henrik Bech"]
[Black "Madsen, Poul Henrik"]
[Result "1/2-1/2"]
[WhiteElo "2131"]
[BlackElo "2048"]
[PlyCount "186"]
[EventDate "2002.??.??"]
[EventType "swiss"]
[EventRounds "9"]
[EventCountry "DEN"]

1. e4 d5 2. exd5 Qxd5 3. Nc3 Qa5 4. Bc4 Nf6 5. d4 c6 6. Bd2 Qb6 7. Nf3 Qxb2 8.
Ne5 e6 9. O-O Qb6 10. Ne2 Bd6 11. Bf4 Qc7 12. Ng3 b5 13. Bb3 O-O 14. Nh5 Nxh5
15. Qxh5 f6 16. Rae1 fxe5 17. Bxe5 c5 18. c3 Bxe5 19. Rxe5 Qf7 20. Qe2 c4 21.
Bc2 g6 22. Rxb5 Nd7 23. Be4 Rb8 24. Rxb8 Nxb8 25. Bf3 Nd7 26. Qxc4 Nb6 27. Qb3
Ba6 28. Re1 Bc4 29. Qc2 Nd5 30. Be4 Nf4 31. f3 Qf6 32. Kh1 Bd5 33. Bxd5 exd5
34. Re5 Rb8 35. h3 Qb6 36. Qa4 Qb5 37. Qxb5 Rxb5 38. g3 Nd3 39. Re3 Nb2 40. f4
Nc4 41. Re7 Rb1+ 42. Kg2 Rb2+ 43. Kf3 Rxa2 44. Rd7 Nd2+ 45. Kg4 Ne4 46. Re7 a5
47. c4 Nf2+ 48. Kg5 Ne4+ 49. Kg4 Kf8 50. Re5 h5+ 51. Kh4 Nd2 52. Re3 Nxc4 53.
Re6 Kf7 54. Ra6 Ra3 55. g4 hxg4 56. hxg4 Re3 57. Kg5 Re6 58. Ra7+ Re7 59. Ra6
Re6 60. Ra7+ Ke8 61. Ra8+ Kd7 62. Ra7+ Kc8 63. f5 gxf5 64. gxf5 Re8 65. f6 Kb8
66. Rd7 Nb6 67. Re7 Rf8 68. f7 Nc8 69. Rd7 Nb6 70. Re7 Nc8 71. Rd7 Nd6 72. Rxd6
Rxf7 73. Rxd5 a4 74. Rb5+ Rb7 75. Ra5 Ra7 76. Rb5+ Kc7 77. Rb2 a3 78. Ra2 Kd6
79. Kf4 Kd5 80. Ke3 Kc4 81. d5 Kb3 82. Ra1 Kb2 83. Rd1 a2 84. Kd4 Rc7 85. d6
Rc1 86. Rd2+ Kb3 87. Rxa2 Kxa2 88. Kd5 Kb3 89. d7 Kb4 90. Ke6 Re1+ 91. Kd6 Rd1+
92. Kc7 Kb5 93. d8=Q Rxd8 1/2-1/2

[Event "Copenhagen Ch"]
[Site "Copenhagen"]
[Date "2002.10.15"]
[Round "3"]
[White "Hansen, Lars Henrik Bech"]
[Black "Paaske, Asger"]
[Result "1/2-1/2"]
[WhiteElo "2131"]
[BlackElo "2137"]
[PlyCount "133"]
[EventDate "2002.??.??"]
[EventType "swiss"]
[EventRounds "9"]
[EventCountry "DEN"]

1. e4 c5 2. Nf3 Nf6 3. e5 Nd5 4. Nc3 e6 5. Nxd5 exd5 6. d4 Nc6 7. dxc5 Bxc5 8.
Qxd5 Qb6 9. Bc4 Bxf2+ 10. Ke2 O-O 11. Rf1 Bc5 12. Ng5 Nd4+ 13. Kd1 Ne6 14. Ne4
d6 15. exd6 Rd8 16. Bd3 Bxd6 17. Nxd6 Qxd6 18. Qh5 f5 19. Qxf5 Qxh2 20. Qf7+
Kh8 21. Bg5 Rg8 22. Be3 Qxg2 23. Kc1 Qg3 24. Kd2 Qg4 25. Rg1 Qb4+ 26. Kc1 Qh4
27. Qf3 Rf8 28. Qg2 Bd7 29. Rh1 Bc6 30. Rxh4 Bxg2 31. Rxh7+ Kg8 32. Rh2 Bd5 33.
Bh7+ Kf7 34. Kd2 g6 35. Rf1+ Ke7 36. Rxf8 Nxf8 37. Bc5+ Kf7 38. Bxf8 Rxf8 39.
Rf2+ Kg7 40. Rxf8 Kxf8 41. Bxg6 b6 42. b3 Ke7 43. c4 Be6 44. Kc3 a5 45. Kd4 Kd6
46. Be4 Bf7 47. a3 Be6 48. b4 axb4 49. axb4 Bf7 50. Kc3 Be6 51. Bg6 Bd7 52. Bf7
Bc6 53. Kd4 Bd7 54. Ke4 Bh3 55. Be8 Bg2+ 56. Kd4 Bf1 57. Kc3 Be2 58. Kd4 Bf1
59. Bb5 Bg2 60. Ba6 Bh3 61. Kc3 Bd7 62. Kd4 Be8 63. Ke4 Bf7 64. Kd4 Be8 65. c5+
bxc5+ 66. bxc5+ Kc7 67. Bb5 1/2-1/2

[Event "Copenhagen Ch"]
[Site "Copenhagen"]
[Date "2002.10.20"]
[Round "9"]
[White "Henrichsen, Jens"]
[Black "Schmidt, Horst Hubert"]
[Result "1-0"]
[WhiteElo "2059"]
[BlackElo "2035"]
[PlyCount "95"]
[EventDate "2002.??.??"]
[EventType "swiss"]
[EventRounds "9"]
[EventCountry "DEN"]

1. d4 Nf6 2. c4 e6 3. Nf3 d5 4. Nc3 Be7 5. Bg5 O-O 6. e3 c6 7. Rc1 Nbd7 8. Bd3
dxc4 9. Bxc4 Nb6 10. Bd3 Nbd5 11. O-O Ng4 12. Bxe7 Qxe7 13. Qd2 f5 14. h3 Ngf6
15. Ne5 Bd7 16. f4 Rad8 17. Qe2 Be8 18. Rce1 Bg6 19. Nxg6 hxg6 20. Qf3 Qb4 21.
Nd1 c5 22. a3 Qb3 23. Qe2 cxd4 24. exd4 Rfe8 25. Bb5 Re7 26. Rf3 Qa2 27. Bc4
Qb1 28. Nf2 Nc3 29. Rxc3 Qxe1+ 30. Qxe1 Rxd4 31. Qe3 Rd6 32. Rd3 Rc6 33. b3 a6
34. a4 Kh7 35. Rd1 Nh5 36. Nd3 Rd6 37. Rf1 Rd8 38. Ne5 Rb8 39. a5 Rd8 40. Be2
Nf6 41. Qg3 Ne4 42. Qxg6+ Kg8 43. Bc4 Rd6 44. Kh2 Nd2 45. Rc1 Ne4 46. Bxe6+
Rdxe6 47. Rc8+ Re8 48. Qxe6+ 1-0

[Event "Copenhagen Ch"]
[Site "Copenhagen"]
[Date "2002.10.15"]
[Round "3"]
[White "Henrichsen, Jens"]
[Black "Madsen, Poul Henrik"]
[Result "0-1"]
[WhiteElo "2059"]
[BlackElo "2048"]
[PlyCount "98"]
[EventDate "2002.??.??"]
[EventType "swiss"]
[EventRounds "9"]
[EventCountry "DEN"]

1. d4 d5 2. c4 c6 3. Nf3 Nf6 4. Nc3 Bf5 5. Qb3 Qb6 6. c5 Qxb3 7. axb3 Na6 8.
Ra4 Bc2 9. Nd2 g6 10. e3 Nc7 11. Be2 e5 12. Bd1 Bxd1 13. Kxd1 exd4 14. exd4 Ng4
15. Re1+ Ne6 16. f3 Nh6 17. Nf1 Kd7 18. Ng3 Bg7 19. Kc2 b5 20. cxb6 axb6 21.
Bxh6 Bxh6 22. Rea1 Nxd4+ 23. Kd3 Rxa4 24. Rxa4 Nxb3 25. Ra7+ Ke6 26. Nge2 Nc5+
27. Kc2 Nd7 28. b4 Rd8 29. Nd4+ Kd6 30. b5 c5 31. Nc6 Re8 32. Nxd5 Re2+ 33. Kc3
Rxg2 34. Nc7 Re2 35. Nd8 Re3+ 36. Kc2 Re7 37. Nc6 Re2+ 38. Kd3 Re3+ 39. Kc2 c4
40. Nd5 Re2+ 41. Kc3 Kxd5 42. Rxd7+ Kc5 43. Nd4 Re3+ 44. Kc2 Bg7 45. Nc6 Rxf3
46. Nd8 Rf2+ 47. Kd1 Kxb5 48. Nxf7 Bb2 49. Rd5+ Kc6 0-1

[Event "Copenhagen Ch"]
[Site "Copenhagen"]
[Date "2002.10.11"]
[Round "1"]
[White "Henrichsen, Jens"]
[Black "Nilsson, Nils Specht"]
[Result "1/2-1/2"]
[WhiteElo "2059"]
[BlackElo "2182"]
[PlyCount "76"]
[EventDate "2002.??.??"]
[EventType "swiss"]
[EventRounds "9"]
[EventCountry "DEN"]

1. d4 g6 2. c4 Bg7 3. Nc3 c5 4. Nf3 cxd4 5. Nxd4 b6 6. e4 Bb7 7. Be3 d6 8. Be2
Nf6 9. f3 O-O 10. O-O Nbd7 11. Qd2 Re8 12. Rac1 Rc8 13. Rfd1 Qc7 14. Bf1 Qb8
15. Qf2 Ne5 16. b3 Red8 17. Nd5 Rd7 18. Rc2 e6 19. Nc3 d5 20. exd5 exd5 21.
cxd5 Nxd5 22. Nxd5 Rxd5 23. Rcd2 Rcd8 24. Kh1 a6 25. Nc2 b5 26. Rxd5 Rxd5 27.
Rxd5 Bxd5 28. Nb4 Bb7 29. Qd2 Bf8 30. Nd3 Bd6 31. Nc5 Bc8 32. Ne4 Be7 33. Be2
Bf5 34. Nc5 Qa8 35. Kg1 Qc6 36. Nd3 Bxd3 37. Bxd3 Bc5 38. Be4 Qb6 1/2-1/2

[Event "Copenhagen Ch"]
[Site "Copenhagen"]
[Date "2002.10.18"]
[Round "6"]
[White "Henrichsen, Jens"]
[Black "Hoeg, Claus"]
[Result "1/2-1/2"]
[WhiteElo "2059"]
[BlackElo "2053"]
[PlyCount "41"]
[EventDate "2002.??.??"]
[EventType "swiss"]
[EventRounds "9"]
[EventCountry "DEN"]

1. d4 Nf6 2. c4 g6 3. Nc3 Bg7 4. e4 d6 5. Be2 O-O 6. Nf3 e5 7. O-O Na6 8. Bg5
Qe8 9. Bxf6 Bxf6 10. c5 Nb4 11. dxe5 dxe5 12. a3 Nc6 13. Nd5 Qd8 14. h3 Bg7 15.
b4 Nd4 16. Rb1 c6 17. Ne3 Be6 18. Nxd4 exd4 19. Nc4 Bxc4 20. Bxc4 Qe7 21. Re1
1/2-1/2

[Event "Copenhagen Ch"]
[Site "Copenhagen"]
[Date "2002.10.17"]
[Round "5"]
[White "Hoeg, Claus"]
[Black "Andersen, Niels Erik"]
[Result "1-0"]
[WhiteElo "2053"]
[BlackElo "2020"]
[PlyCount "47"]
[EventDate "2002.??.??"]
[EventType "swiss"]
[EventRounds "9"]
[EventCountry "DEN"]

1. d4 d5 2. c4 e6 3. Nc3 Nf6 4. Bg5 Be7 5. e3 Nbd7 6. Nf3 h6 7. Bh4 O-O 8. Qc2
a6 9. cxd5 exd5 10. Bd3 b5 11. Ne5 Bb7 12. f4 c5 13. O-O cxd4 14. exd4 Rc8 15.
Qe2 Re8 16. Bf5 Rc7 17. Nxf7 Kxf7 18. Qe6+ Kf8 19. Bg6 Ne5 20. fxe5 Bc5 21.
Bxf6 Bxd4+ 22. Kh1 Rxe6 23. Bxd8+ Kg8 24. Bf5 1-0

[Event "Copenhagen Ch"]
[Site "Copenhagen"]
[Date "2002.10.18"]
[Round "7"]
[White "Hoeg, Claus"]
[Black "Nielsen, Thomas"]
[Result "0-1"]
[WhiteElo "2053"]
[BlackElo "2060"]
[PlyCount "84"]
[EventDate "2002.??.??"]
[EventType "swiss"]
[EventRounds "9"]
[EventCountry "DEN"]

1. d4 d5 2. c4 e6 3. Nc3 c5 4. cxd5 exd5 5. Nf3 Nc6 6. g3 Nf6 7. Bg2 cxd4 8.
Nxd4 Be7 9. O-O O-O 10. Bg5 Re8 11. a3 Bg4 12. h3 Bh5 13. Re1 Qb6 14. Nxc6 bxc6
15. b4 Rad8 16. Na4 Qb5 17. Qc2 Bg6 18. Qb3 h6 19. Bxf6 Bxf6 20. Rac1 Rxe2 21.
Rxe2 Qxe2 22. Rxc6 Bd4 23. Qf3 Qb5 24. Rxg6 fxg6 25. Qg4 Bxf2+ 26. Kxf2 Rf8+
27. Kg1 Qxa4 28. Bxd5+ Kh8 29. Be4 Qa6 30. Bg2 Qxa3 31. b5 Qc1+ 32. Kh2 Qc2 33.
Kg1 Qb1+ 34. Kh2 Qxb5 35. Qxg6 Rf2 36. Kg1 Qe2 37. Qc6 Rxg2+ 38. Qxg2 Qxg2+ 39.
Kxg2 g5 40. Kf3 Kg7 41. Ke4 Kf6 42. Kd4 h5 {Tid} 0-1

[Event "Copenhagen Ch"]
[Site "Copenhagen"]
[Date "2002.10.16"]
[Round "4"]
[White "Hoeg, Claus"]
[Black "Bonnez, Finn"]
[Result "1/2-1/2"]
[WhiteElo "2053"]
[BlackElo "2041"]
[PlyCount "76"]
[EventDate "2002.??.??"]
[EventType "swiss"]
[EventRounds "9"]
[EventCountry "DEN"]

1. d4 c5 2. d5 e5 3. e4 d6 4. Nc3 Nf6 5. Be2 Be7 6. Nf3 O-O 7. O-O h6 8. Nd2
Nbd7 9. a4 a6 10. Kh1 Nh7 11. Bg4 Ndf6 12. Bxc8 Rxc8 13. Qe2 Ne8 14. g3 Bf6 15.
Ra3 g6 16. f4 Bg7 17. Nc4 Rc7 18. a5 exf4 19. gxf4 Re7 20. Qf3 f5 21. exf5 gxf5
22. Rg1 Kh8 23. Bd2 Nef6 24. Ne3 Ne4 25. Nxe4 fxe4 26. Qh5 Nf6 27. Qh4 Ng8 28.
Rb3 Ref7 29. Qxd8 Rxd8 30. Ng4 Bd4 31. Re1 h5 32. Rh3 Rh7 33. Ne3 Nf6 34. Nf5
Bxb2 35. c4 Bd4 36. Ng3 Re8 37. Nf5 Ng4 38. Rg3 Rd8 1/2-1/2

[Event "Copenhagen Ch"]
[Site "Copenhagen"]
[Date "2002.10.13"]
[Round "2"]
[White "Hoeg, Claus"]
[Black "Moller, Arne"]
[Result "0-1"]
[WhiteElo "2053"]
[BlackElo "2049"]
[PlyCount "64"]
[EventDate "2002.??.??"]
[EventType "swiss"]
[EventRounds "9"]
[EventCountry "DEN"]

1. d4 Nf6 2. c4 e6 3. Nf3 b6 4. a3 Bb7 5. Nc3 Be7 6. d5 O-O 7. e4 d6 8. Be2
Nbd7 9. b4 c6 10. dxe6 Ne5 11. exf7+ Nxf7 12. Nd4 Qd7 13. Nf5 d5 14. f3 Rad8
15. cxd5 cxd5 16. O-O Kh8 17. Bf4 Nd6 18. Nxe7 Qxe7 19. e5 Qc7 20. Bd2 Nf5 21.
exf6 Rxf6 22. Nb5 Qe5 23. f4 Qe8 24. Re1 d4 25. Bf1 Qg6 26. Re5 Rdf8 27. Rc1 h6
28. Rc7 Bxg2 29. Bxg2 Nh4 30. Qe2 d3 31. Qe4 Qg4 32. Nd4 Rg6 {tid} 0-1

[Event "Copenhagen Ch"]
[Site "Copenhagen"]
[Date "2002.10.18"]
[Round "6"]
[White "Lund, Silas"]
[Black "Aabling Thomsen, Jakob"]
[Result "0-1"]
[WhiteElo "2329"]
[BlackElo "2159"]
[PlyCount "160"]
[EventDate "2002.??.??"]
[EventType "swiss"]
[EventRounds "9"]
[EventCountry "DEN"]

1. c4 e5 2. Nc3 Nc6 3. Nf3 g6 4. d4 exd4 5. Nxd4 Bg7 6. Nxc6 bxc6 7. g3 Ne7 8.
Bg2 O-O 9. O-O d6 10. Qa4 Be6 11. Rd1 c5 12. Bg5 Rb8 13. Rab1 h6 14. Bd2 Rb4
15. Qxa7 Bxc4 16. b3 Be6 17. Ne4 Rb6 18. Qa4 Qc8 19. Nc3 Re8 20. Qa3 Bh3 21.
Qc1 Bxg2 22. Kxg2 Qa8+ 23. Kg1 Nf5 24. e3 Qf3 25. Re1 h5 26. Qd1 Qb7 27. Na4
Ra6 28. Rc1 h4 29. Qg4 hxg3 30. hxg3 Bf6 31. Qh3 Qd5 32. Red1 Qf3 33. Qg2 Qg4
34. Re1 Ne7 35. Qb7 Rc6 36. Qb5 Kg7 37. Rc4 Qh3 38. Bc3 g5 39. Bxf6+ Kxf6 40.
Qa5 Rh8 41. Qc3+ Kg6 42. Rh4 Rxh4 43. gxh4 Qxh4 44. Qd3+ Kg7 45. Rc1 Ng6 46.
Rc4 Qh3 47. Qf1 Qh5 48. Qg2 Ne5 49. Rf4 c4 50. Rf5 Qd1+ 51. Kh2 Qh5+ 52. Kg1
Qd1+ 53. Kh2 Ng4+ 54. Kh3 Kg6 55. Rd5 Nxf2+ 56. Kg3 Nh1+ 57. Kh2 Qh5+ 58. Kg1
cxb3 59. Qe4+ Kh6 60. Rd2 Rc1+ 61. Kg2 Ng3 62. Kxg3 Rh1 63. axb3 Qh3+ 64. Kf2
Qh2+ 65. Qg2 Qh4+ 66. Kf3 Rh3+ 67. Ke2 Rh2 68. Kf3 Rxg2 69. Rxg2 f5 70. Nc3 Qb4
71. Ne2 Qxb3 72. Nd4 Qd5+ 73. Kg3 c5 74. Nf3 Qe4 75. Rh2+ Kg6 76. Kf2 c4 77.
Rg2 g4 78. Nd2 Qd5 79. Kg3 c3 80. Kf4 Qxg2 0-1

[Event "Copenhagen Ch"]
[Site "Copenhagen"]
[Date "2002.10.17"]
[Round "5"]
[White "Lund, Silas"]
[Black "Nielsen, Michael"]
[Result "1-0"]
[WhiteElo "2329"]
[BlackElo "2095"]
[PlyCount "69"]
[EventDate "2002.??.??"]
[EventType "swiss"]
[EventRounds "9"]
[EventCountry "DEN"]

1. d4 Nf6 2. c4 c5 3. d5 b5 4. cxb5 a6 5. bxa6 Bxa6 6. Nc3 d6 7. Nf3 g6 8. e4
Bxf1 9. Kxf1 Bg7 10. g3 O-O 11. Kg2 Nbd7 12. Re1 Qb6 13. h3 Rfb8 14. e5 dxe5
15. Nxe5 Nxe5 16. Rxe5 Qb7 17. Qf3 Ng4 18. Re2 Ne5 19. Qe4 Qb4 20. Bf4 Qxe4+
21. Rxe4 Rb4 22. Rxe5 Bxe5 23. Bxe5 Rxb2 24. Rc1 g5 25. Bc7 Ra7 26. d6 exd6 27.
Bxd6 Ra5 28. Re1 f6 29. Re7 Ra8 30. Bxc5 Rf8 31. a4 Rc2 32. Bd4 Rd2 33. Rd7 Rf7
34. Rxf7 Kxf7 35. Bxf6 1-0

[Event "Copenhagen Ch"]
[Site "Copenhagen"]
[Date "2002.10.20"]
[Round "9"]
[White "Lund, Silas"]
[Black "Brondum, Eric"]
[Result "1-0"]
[WhiteElo "2329"]
[BlackElo "2212"]
[PlyCount "67"]
[EventDate "2002.??.??"]
[EventType "swiss"]
[EventRounds "9"]
[EventCountry "DEN"]

1. d4 Nf6 2. c4 e6 3. g3 d5 4. Nf3 dxc4 5. Bg2 Nc6 6. O-O Rb8 7. e3 Bd7 8. Qe2
b5 9. b3 cxb3 10. axb3 Be7 11. Bb2 O-O 12. Rd1 Nd5 13. e4 Nb6 14. Nc3 a6 15.
Rxa6 Nb4 16. Raa1 c6 17. Ne5 Qc7 18. Rac1 Qa7 19. h4 Be8 20. h5 f6 21. Nd3 Nxd3
22. Rxd3 b4 23. Nd1 Qa6 24. Bf1 Qb7 25. Bh3 Bf7 26. Ne3 Ra8 27. Rd2 Ra5 28. h6
g5 29. Nc4 Nxc4 30. Qxc4 g4 31. Bxg4 f5 32. d5 Rc5 33. Qd4 Rxc1+ 34. Bxc1 1-0

[Event "Copenhagen Ch"]
[Site "Copenhagen"]
[Date "2002.10.11"]
[Round "1"]
[White "Lund, Silas"]
[Black "Christensen, Esben"]
[Result "1-0"]
[WhiteElo "2329"]
[BlackElo "2085"]
[PlyCount "101"]
[EventDate "2002.??.??"]
[EventType "swiss"]
[EventRounds "9"]
[EventCountry "DEN"]

1. d4 Nf6 2. c4 c5 3. d5 b5 4. cxb5 a6 5. bxa6 Bxa6 6. Nc3 g6 7. e4 Bxf1 8.
Kxf1 d6 9. Nf3 Nbd7 10. g3 Bg7 11. Kg2 Qb6 12. Re1 Ng4 13. Nd2 Nge5 14. Qe2 Qa6
15. Nb5 O-O 16. a4 Rfb8 17. Ra3 Nb6 18. b3 Rc8 19. Bb2 c4 20. Bxe5 Bxe5 21.
Nxc4 Nxc4 22. bxc4 Rc5 23. a5 Rac8 24. Ra4 h5 25. Rd1 Ra8 26. f4 Bg7 27. Rf1
Rac8 28. e5 dxe5 29. fxe5 e6 30. Nd6 Rf8 31. Qe4 f5 32. Qe3 Rxa5 33. Rxa5 Qxa5
34. dxe6 Qc7 35. Qg5 Kh7 36. e7 Qc6+ 37. Kh3 Ra8 38. e8=Q Rxe8 39. Nxe8 Qxe8
40. Re1 Qe6 41. Qf4 Bh6 42. Qd4 f4+ 43. Kg2 Qg4 44. Qe4 h4 45. Qb7+ Bg7 46. Qf3
h3+ 47. Kf2 fxg3+ 48. Qxg3 Qf5+ 49. Qf3 Qe6 50. Re3 Kg8 51. Qd5 1-0

[Event "Copenhagen Ch"]
[Site "Copenhagen"]
[Date "2002.10.15"]
[Round "3"]
[White "Lund, Silas"]
[Black "Petersen, Steen"]
[Result "1/2-1/2"]
[WhiteElo "2329"]
[BlackElo "2120"]
[PlyCount "111"]
[EventDate "2002.??.??"]
[EventType "swiss"]
[EventRounds "9"]
[EventCountry "DEN"]

1. d4 Nf6 2. c4 e6 3. g3 d5 4. Nf3 dxc4 5. Bg2 Be7 6. O-O O-O 7. Qc2 a6 8. a4
Bd7 9. Qxc4 Bc6 10. Bg5 Bd5 11. Qd3 Be4 12. Qe3 Nbd7 13. Nc3 Bc6 14. Qd3 h6 15.
Bf4 Rc8 16. Rfe1 Bb4 17. Qc2 b6 18. e4 Bb7 19. Rad1 Qe7 20. Re2 c5 21. d5 e5
22. Bc1 c4 23. Bh3 Rfd8 24. Nh4 Qe8 25. Nf5 Bf8 26. Qb1 Nc5 27. Ne3 Rb8 28.
Nxc4 b5 29. axb5 axb5 30. Na5 b4 31. Nxb7 Rxb7 32. Na2 Qa4 33. b3 Nxb3 34. Bb2
Bd6 35. Rde1 Nd7 36. Bxd7 Rdxd7 37. Nc1 Rdc7 38. Nd3 f6 39. f4 Qa7+ 40. Kg2 Nd4
41. Rf2 b3 42. fxe5 fxe5 43. Kh3 Nc2 44. Ree2 Rf7 45. Rxf7 Rxf7 46. Bxe5 Ne3
47. Rxe3 Qxe3 48. Bxd6 Qxe4 49. Qxb3 Qf5+ 50. g4 Qf1+ 51. Kh4 g5+ 52. Kh5 Rg7
53. Nf2 Qxf2 54. Qb8+ Kh7 55. Qb1+ Kg8 56. Qb8+ 1/2-1/2

[Event "Copenhagen Ch"]
[Site "Copenhagen"]
[Date "2002.10.16"]
[Round "4"]
[White "Madsen, Poul Henrik"]
[Black "Pallesen, Jacob"]
[Result "1/2-1/2"]
[WhiteElo "2048"]
[BlackElo "2071"]
[PlyCount "135"]
[EventDate "2002.??.??"]
[EventType "swiss"]
[EventRounds "9"]
[EventCountry "DEN"]

1. d4 f5 2. c4 Nf6 3. Nc3 g6 4. Bg5 Bg7 5. h4 Nc6 6. h5 Nxh5 7. Rxh5 gxh5 8. e3
O-O 9. Qxh5 d6 10. O-O-O Bd7 11. Nf3 Qe8 12. Qh4 e6 13. Be2 Qg6 14. Rh1 h6 15.
Bf4 e5 16. dxe5 dxe5 17. Bxh6 Qxh6 18. Qxh6 Bxh6 19. Rxh6 Kg7 20. Rh5 e4 21.
Nh4 Ne7 22. g4 fxg4 23. Nxe4 Rh8 24. Bxg4 Rxh5 25. Bxh5 Rh8 26. Ng3 Be8 27.
Bxe8 Rxe8 28. Ng2 Rh8 29. Nf4 Kf7 30. Ne4 Rh2 31. Nd3 Nf5 32. c5 Rh4 33. Nf4 b6
34. b4 a5 35. bxa5 bxa5 36. Kb2 Rh1 37. Ka3 Rc1 38. Nd3 Rd1 39. Ne5+ Ke6 40.
Nc3 Rc1 41. Ne2 Rc2 42. Nd3 Rd2 43. Nef4+ Kd7 44. Kb3 Kc6 45. a3 Ne7 46. e4 Rd1
47. Kc4 Ra1 48. Ne5+ Kb7 49. Nd5 Nxd5 50. Kxd5 Rxa3 51. f4 Ra1 52. f5 Rf1 53.
Ke6 a4 54. c6+ Kb6 55. f6 Kc5 56. Nd3+ Kd4 57. Nb4 Kxe4 58. f7 a3 59. Ke7 Kd4
60. Nc2+ Kc5 61. Nxa3 Kxc6 62. f8=Q Rxf8 63. Kxf8 Kc5 64. Ke7 Kb4 65. Nc2+ Kc3
66. Kd7 c5 67. Kd6 Kxc2 68. Kxc5 1/2-1/2

[Event "Copenhagen Ch"]
[Site "Copenhagen"]
[Date "2002.10.17"]
[Round "5"]
[White "Madsen, Poul Henrik"]
[Black "Petersen, Steen"]
[Result "1-0"]
[WhiteElo "2048"]
[BlackElo "2120"]
[PlyCount "95"]
[EventDate "2002.??.??"]
[EventType "swiss"]
[EventRounds "9"]
[EventCountry "DEN"]

1. d4 Nf6 2. Nf3 d5 3. Bf4 c5 4. e3 Qb6 5. Qc1 Nc6 6. c3 Bf5 7. Na3 a6 8. dxc5
Qxc5 9. Nc2 Rc8 10. Ncd4 Nxd4 11. exd4 Qb6 12. Be2 e6 13. O-O Be7 14. Ne5 h6
15. a4 O-O 16. a5 Qd8 17. Bd3 Bxd3 18. Nxd3 Ne4 19. Re1 Bd6 20. Re3 Bxf4 21.
Nxf4 Qg5 22. Rh3 Rfe8 23. Nd3 Qxc1+ 24. Rxc1 Re7 25. Re3 Nd2 26. f4 Nb3 27.
Rce1 Rd7 28. f5 exf5 29. Re7 Rcd8 30. Rxd7 Rxd7 31. Nc5 Nxc5 32. dxc5 Kf8 33.
Kf2 Re7 34. Rd1 Re5 35. Rd4 g6 36. Rb4 Re7 37. Rb6 Rc7 38. b4 Ke7 39. Ke3 Rd7
40. Kd4 f6 41. c6 bxc6 42. Rxc6 Rd6 43. Kc5 Rd7 44. Rxa6 f4 45. Rb6 g5 46. a6
Rc7+ 47. Kxd5 Rxc3 48. Rb7+ 1-0

[Event "Copenhagen Ch"]
[Site "Copenhagen"]
[Date "2002.10.13"]
[Round "2"]
[White "Madsen, Poul Henrik"]
[Black "Brondum, Eric"]
[Result "0-1"]
[WhiteElo "2048"]
[BlackElo "2212"]
[PlyCount "60"]
[EventDate "2002.??.??"]
[EventType "swiss"]
[EventRounds "9"]
[EventCountry "DEN"]

1. e4 c5 2. Nf3 d6 3. d4 cxd4 4. Nxd4 Nf6 5. Nc3 a6 6. Bd3 g6 7. O-O Bg7 8. a4
Nc6 9. Nxc6 bxc6 10. Bd2 O-O 11. Qc1 Rb8 12. a5 d5 13. e5 Nd7 14. f4 e6 15. Rf3
f6 16. exf6 Nxf6 17. Ra3 c5 18. Na4 c4 19. Be2 Ne4 20. Be1 Bd7 21. b3 cxb3 22.
cxb3 Bb5 23. Qd1 Qd6 24. b4 Rxf4 25. Rxf4 Qxf4 26. Bf3 Rc8 27. g3 Qc1 28. Ra2
Qxd1 29. Bxd1 Rc1 30. Rc2 Rxd1 0-1

[Event "Copenhagen Ch"]
[Site "Copenhagen"]
[Date "2002.10.19"]
[Round "8"]
[White "Moller, Arne"]
[Black "Hansen, Lars Henrik Bech"]
[Result "1-0"]
[WhiteElo "2049"]
[BlackElo "2131"]
[PlyCount "85"]
[EventDate "2002.??.??"]
[EventType "swiss"]
[EventRounds "9"]
[EventCountry "DEN"]

1. e4 d6 2. d4 Nf6 3. f3 g6 4. Be3 c6 5. Qd2 Nbd7 6. c4 Bg7 7. Nc3 O-O 8. Bd3
c5 9. Nge2 cxd4 10. Nxd4 Ne5 11. Be2 a6 12. O-O Bd7 13. b3 Rc8 14. Rac1 h5 15.
Nd1 Nc6 16. Nxc6 Bxc6 17. Bh6 Nd7 18. Bxg7 Kxg7 19. Qd4+ Kh7 20. Ne3 Nc5 21.
Nd5 Ne6 22. Qe3 Nc5 23. b4 Ne6 24. f4 Ng7 25. Nb6 Rb8 26. Rcd1 Bxe4 27. c5 Bc6
28. g4 Rg8 29. Kf2 d5 30. gxh5 gxh5 31. Bd3+ f5 32. Rg1 e5 33. Rg5 e4 34. Be2
Kh6 35. Qh3 Qe8 36. Nxd5 Bxd5 37. Rxd5 e3+ 38. Kf1 Qe4 39. Rd6+ Kh7 40. Rxh5+
Nxh5 41. Qxh5+ Kg7 42. Rd7+ Kf6 43. Qf7# 1-0

[Event "Copenhagen Ch"]
[Site "Copenhagen"]
[Date "2002.10.17"]
[Round "5"]
[White "Moller, Arne"]
[Black "Bonnez, Finn"]
[Result "0-1"]
[WhiteElo "2049"]
[BlackElo "2041"]
[PlyCount "54"]
[EventDate "2002.??.??"]
[EventType "swiss"]
[EventRounds "9"]
[EventCountry "DEN"]

1. e4 e5 2. Nf3 Nf6 3. Nc3 Nc6 4. Bb5 Bc5 5. O-O O-O 6. Bxc6 dxc6 7. h3 Re8 8.
d3 b5 9. Ne2 Bd6 10. Ng3 c5 11. Be3 Bb7 12. a4 a6 13. b3 c4 14. axb5 cxd3 15.
Qxd3 axb5 16. Qxb5 Bxe4 17. Nxe4 Nxe4 18. Qc6 Nf6 19. Bg5 Rxa1 20. Rxa1 Qd7 21.
Qb7 e4 22. Nd2 Qf5 23. Be3 h6 24. Nc4 Qc8 25. Qc6 Kh7 26. Ra7 Qe6 27. Ra5 Bh2+
0-1

[Event "Copenhagen Ch"]
[Site "Copenhagen"]
[Date "2002.10.15"]
[Round "3"]
[White "Moller, Arne"]
[Black "Christensen, Esben"]
[Result "0-1"]
[WhiteElo "2049"]
[BlackElo "2085"]
[PlyCount "102"]
[EventDate "2002.??.??"]
[EventType "swiss"]
[EventRounds "9"]
[EventCountry "DEN"]

1. e4 c5 2. Nf3 e6 3. d4 cxd4 4. Nxd4 Nf6 5. Nc3 d6 6. Be2 a6 7. O-O Qc7 8. Be3
b5 9. a3 Bb7 10. f3 Nbd7 11. Bd3 Nc5 12. Qd2 Be7 13. b4 Nxd3 14. cxd3 O-O 15.
Rac1 Qd7 16. Nb3 Rac8 17. d4 Ne8 18. Rfd1 f5 19. d5 e5 20. Na5 f4 21. Bf2 g5
22. Nxb7 Qxb7 23. Ne2 Nf6 24. Rxc8 Rxc8 25. Rc1 Nd7 26. Rc3 Rc4 27. Rxc4 bxc4
28. Nc3 Bd8 29. Kf1 Bb6 30. h4 h6 31. g3 Qa7 32. hxg5 hxg5 33. gxf4 exf4 34.
Bxb6 Qxb6 35. Ne2 Ne5 36. Nd4 Kf7 37. Ke2 Qd8 38. Nc6 Qh8 39. Nxe5+ Qxe5 40. a4
Qh8 41. Qc2 Qd4 42. Qd2 Qxd2+ 43. Kxd2 g4 44. b5 axb5 45. axb5 Ke7 46. b6 Kd7
47. fxg4 f3 48. Ke3 c3 49. Kxf3 c2 50. Kf4 c1=Q+ 51. Kf5 Qh6 0-1